000 00279nam a22001337a 4500
008 170306b xxu||||| |||| 00| 0 eng d
020 _a400707410926
041 _aeng
080 _213 ED
_a575
100 _a6
101 _aSHM
245 _a13 TH GEN
_cSTAUS.B
942 _2udc
_cBK
999 _c6820
_d6820